Online katalóg knižníc regiónu Turca

Vianočné koledy (Record no. 21872)

MARC details
000 -LEADER
fixed length control field 03086ccm a2200733 4500
001 - CONTROL NUMBER
control field 21872
003 - CONTROL NUMBER IDENTIFIER
control field VRT
005 - DATE AND TIME OF LATEST TRANSACTION
control field 20260313140741.0
007 - PHYSICAL DESCRIPTION FIXED FIELD--GENERAL INFORMATION
fixed length control field qu
008 - FIXED-LENGTH DATA ELEMENTS--GENERAL INFORMATION
fixed length control field 191204s2019 xo crz a n b slo
015 ## - NATIONAL BIBLIOGRAPHY NUMBER
National bibliography number SNBH2020
020 ## - INTERNATIONAL STANDARD BOOK NUMBER
International Standard Book Number 9788056704622
Qualifying information (viazané)
039 #9 - LEVEL OF BIBLIOGRAPHIC CONTROL AND CODING DETAIL [OBSOLETE]
Level of rules in bibliographic description 202310251058
Level of effort used to assign nonsubject heading access points msnk18
Level of effort used to assign subject headings 202310171625
Level of effort used to assign classification msnk18
Level of effort used to assign subject headings 202007311544
Level of effort used to assign classification msnk18
Level of effort used to assign subject headings 202007311444
Level of effort used to assign classification msnk18
040 ## - CATALOGING SOURCE
Original cataloging agency BJKDG
Language of cataloging slo
Transcribing agency BJKDG
Modifying agency SVKBB
-- SNK
Description conventions rda
041 0# - LANGUAGE CODE
Language code of text/sound track or separate title slo
043 ## - GEOGRAPHIC AREA CODE
Geographic area code e-xo---
044 ## - COUNTRY OF PUBLISHING/PRODUCING ENTITY CODE
MARC country code xo
ISO country code SK
048 ## - NUMBER OF MUSICAL INSTRUMENTS OR VOICES CODE
Soloist vu01
Performer or ensemble kz01
072 #7 - SUBJECT CATEGORY CODE
Subject category code 784
Subject category code subdivision Vokálna hudba
Source konspekt
072 #7 - SUBJECT CATEGORY CODE
Subject category code 0/9-053.2
Subject category code subdivision Literatúra pre deti a mládež (náučná)
Source konspekt
080 ## - UNIVERSAL DECIMAL CLASSIFICATION NUMBER
Universal Decimal Classification number 783.65
Edition identifier 2011
080 ## - UNIVERSAL DECIMAL CLASSIFICATION NUMBER
Universal Decimal Classification number 78.089.6
Edition identifier 2011
080 ## - UNIVERSAL DECIMAL CLASSIFICATION NUMBER
Universal Decimal Classification number (0.025.2)
Edition identifier 2011
080 ## - UNIVERSAL DECIMAL CLASSIFICATION NUMBER
Universal Decimal Classification number (0.053.2)
Edition identifier 2011
080 ## - UNIVERSAL DECIMAL CLASSIFICATION NUMBER
Universal Decimal Classification number 784
Edition identifier 2011
084 ## - OTHER CLASSIFICATION NUMBER
Classification number 1.1.4
Number source snlmc
245 00 - TITLE STATEMENT
Title Vianočné koledy
Medium hudobnina
Remainder of title zahraj si 12 slovenských kolied
Statement of responsibility, etc. ilustrácie Petra Bobalová ; notácia a hudobná úprava: Nadja a Leoš Jasanovci
246 30 - VARYING FORM OF TITLE
Title proper/short title Zahraj si 12 slovenských kolied
250 ## - EDITION STATEMENT
Edition statement Prvé slovenské vydanie
264 #1 - PRODUCTION, PUBLICATION, DISTRIBUTION, MANUFACTURE, AND COPYRIGHT NOTICE
Place of production, publication, distribution, manufacture Bratislava
Name of producer, publisher, distributor, manufacturer Svojtka & Co., s.r.o.
Date of production, publication, distribution, manufacture, or copyright notice 2019
300 ## - PHYSICAL DESCRIPTION
Extent 1 spevník (24 nečíslovaných strán)
Other physical details farebné ilustrácie
Dimensions 24 cm
336 ## - CONTENT TYPE
Content type term zápis hudby
Content type code ntm
Source rdacontent
336 ## - CONTENT TYPE
Content type term statický obraz
Content type code sti
Source rdacontent
337 ## - MEDIA TYPE
Media type term bez média
Media type code n
Source rdamedia
338 ## - CARRIER TYPE
Carrier type term zväzok
Carrier type code nc
Source rdacarrier
382 ## - MEDIUM OF PERFORMANCE
Medium of performance spev
-- elektrický klávesový nástroj
500 ## - GENERAL NOTE
General note Kartónové listy
500 ## - GENERAL NOTE
General note Súčasťou hudobniny je elektronické piano
500 ## - GENERAL NOTE
General note Vytlačené naprieč
505 00 - FORMATTED CONTENTS NOTE
Title Šťastie, zdravie, pokoj svätý --
-- Ó, chýr preblahý --
-- Nesiem vám novinu --
-- Narodil sa Kristus Pán --
-- Daj Boh šťastia tomu domu --
-- Jak si krásne Jezuliatko --
-- Sem pospešte --
-- Do hory, do lesa --
-- Čas radosti, veselosti --
-- Búvaj dieťa krásne --
-- Vstávajte pastieri --
-- Pásli ovce valasi
521 8# - TARGET AUDIENCE NOTE
Target audience note Pre deti od 3 rokov
650 07 - SUBJECT ADDED ENTRY--TOPICAL TERM
Topical term or geographic name entry element Vocal music
Source of heading or term SNKPHeng
650 07 - SUBJECT ADDED ENTRY--TOPICAL TERM
Topical term or geographic name entry element vokálna hudba
Source of heading or term SNKPH
651 #7 - SUBJECT ADDED ENTRY--GEOGRAPHIC NAME
Geographic name Slovensko
Source of heading or term SNKPH
651 #7 - SUBJECT ADDED ENTRY--GEOGRAPHIC NAME
Geographic name Slovakia
Source of heading or term SNKPHeng
655 #7 - INDEX TERM--GENRE/FORM
Genre/form data or focus term leporelá
Source of term SNKPH
655 #7 - INDEX TERM--GENRE/FORM
Genre/form data or focus term publikácie pre deti
Source of term SNKPH
655 #7 - INDEX TERM--GENRE/FORM
Genre/form data or focus term Publications for children
Source of term SNKPHeng
655 #7 - INDEX TERM--GENRE/FORM
Genre/form data or focus term partitúry pre sólový nástroj
Source of term SNKPH
655 #7 - INDEX TERM--GENRE/FORM
Genre/form data or focus term Scores for solo instrument
Source of term SNKPHeng
655 #7 - INDEX TERM--GENRE/FORM
Genre/form data or focus term Picture books for children
Source of term SNKPHeng
655 #7 - INDEX TERM--GENRE/FORM
Genre/form data or focus term koledy (hudba)
Source of term SNKPH
655 #7 - INDEX TERM--GENRE/FORM
Genre/form data or focus term Carols
Source of term SNKPHeng
700 1# - ADDED ENTRY--PERSONAL NAME
Personal name Jasanová, Nadja
Relationship oth
-- edt
700 1# - ADDED ENTRY--PERSONAL NAME
Personal name Jasan, Leoš
Relationship oth
-- edt
700 1# - ADDED ENTRY--PERSONAL NAME
Personal name Bobalová, Petra,
Dates associated with a name 1980-
Relationship ill
942 ## - ADDED ENTRY ELEMENTS (KOHA)
Source of classification or shelving scheme Dewey Decimal Classification
Koha item type Krásna literatúra pre deti
Suppress in OPAC No
949 ## - LOCAL PROCESSING INFORMATION (OCLC)
6 17A1535461
a snkOSC 30101
b snk2023/14263
o 1468/2023 - dotlač k 1. vydaniu z roku 2019,rok dotlače 2023
949 ## - LOCAL PROCESSING INFORMATION (OCLC)
6 17A1535462
a snkOSC 30101 D1
b snk2023/14264
o 1468/2023 - dotlač k 1. vydaniu z roku 2019,rok dotlače 2023
949 ## - LOCAL PROCESSING INFORMATION (OCLC)
6 270001000640845
a svkbbA 159792
b svkbbm 788450
949 ## - LOCAL PROCESSING INFORMATION (OCLC)
6 17A1417387
a snkOSC 30079
b snk2020/5673
o 1/2020
949 ## - LOCAL PROCESSING INFORMATION (OCLC)
6 17A1417388
a snkOSC 30079 D1
b snk2020/5674
o 1/2020
Holdings
Stav vyradenia Strata Poškodenie Spôsob nadobudnutia Domovská knižnica Aktuálna knižnica Dátum nadobudnutia Total checkouts Čiarový kód exemplára Date last seen Date last checked out Typ exemplára Verejná poznámka
      Dar Obecná knižnica Horná Štubňa Obecná knižnica Horná Štubňa 13.03.2026 1 9788056704622 14.04.2026 20.03.2026 Krásna literatúra pre deti detský klavír
Projekt je podporený Slovenskou asociáciou knižníc
Prevádzkuje Turčianska knižnica Martin 2026